Καμπανία και Απουλία
Αποθηκεύτηκε σε:
| Κύριος συγγραφέας: | |
|---|---|
| Άλλοι συγγραφείς: | , |
| Μορφή: | Βιβλίο |
| Γλώσσα: | Greek |
| Δημοσίευση: |
Αθήνα :
Η Καθημερινή,
2011.
|
| Σειρά: | Κοιτίδες Ελληνισμού (Εφημ. Η Καθημερινή)
; 20 |
| Θέματα: | |
| Ετικέτες: |
Προσθήκη ετικέτας
Δεν υπάρχουν, Καταχωρήστε ετικέτα πρώτοι!
|
MARC
| LEADER | 00000cam a2200000 a 4500 | ||
|---|---|---|---|
| 001 | 1/119460 | ||
| 008 | 190704s2011####gr | ||| |||| ||gre|| | ||
| 020 | |a 9789604751938 |q (χαρτόδετο) | ||
| 040 | |a GR-MyUa |b gre |c GR-MyUa |e AACR2 | ||
| 041 | 0 | |a gre | |
| 082 | 7 | |a 938 |2 (23) | |
| 082 | 7 | |a 913.77 |2 (23) | |
| 100 | 1 | |a Πετρόχειλος, Νικόλαος Κ. | |
| 245 | 1 | 0 | |a Καμπανία και Απουλία / |c κείμενα: Νίκος Πετρόχειλος, Δημήτρης Αλεξάκης ; διεύθυνση σειράς: Γιάννης Τσεβρένης ; σχεδιασμός σειράς: Βασίλης Μηνακάκης. |
| 260 | |a Αθήνα : |b Η Καθημερινή, |c 2011. | ||
| 300 | |a 88 σ. : |b εικ. ; |c 17 εκ. | ||
| 490 | 1 | |a (Κοιτίδες Ελληνισμού / Εφημ. Η Καθημερινή ; |v 20) | |
| 500 | |3 Χορηγός: Alpha Bank -- Εξώφυλλο. | ||
| 504 | |a Περιλαμβάνει βιβλιογραφία (σ. 88). | ||
| 650 | 0 | |a Hellenism |x History. | |
| 651 | 0 | |a Campania (Italy) |x History. | |
| 651 | 0 | |a Puglia (Italy) |x History. | |
| 651 | 0 | |a Greece |x Colonies. | |
| 700 | 1 | |a Τσεβρένης, Γιάννης, |e edt | |
| 700 | 1 | |a Μηνακάκης, Βασίλης, |e edt | |
| 700 | 1 | |a Αλεξάκης, Δημήτρης, |e att | |
| 830 | 0 | |a Κοιτίδες Ελληνισμού (Εφημ. Η Καθημερινή) |v ; 20 | |
| 852 | |a INST |b LEMNOS |e 20190704 |h 938 ΚΟΙ |p 005600002100 |q 005600002100 |t BK |y 0 | ||
| 852 | |a INST |b RHODES |e 20210923 |h 913.77 ΠΕΤ |p 005400042264 |q 005400042264 |t BK |y 0 | ||
| 970 | |a Ξενιτοπούλου |b Κωνσταντία |z 04/07/2019 | ||